ՀՀ Գիտությունների ազգային ակադեմիայի հիմնարար գիտական գրադարան  =   Fundamental Scientific Library of NAS RA

Впередъ! : (Record no. 540780)

MARC details
000 -LEADER
fixed length control field 00916nam a2200217 a 4500
001 - CONTROL NUMBER
control field 1285286
003 - CONTROL NUMBER IDENTIFIER
control field AM-YEHGA
005 - DATE AND TIME OF LATEST TRANSACTION
control field 20260327095911.0
008 - FIXED-LENGTH DATA ELEMENTS--GENERAL INFORMATION
fixed length control field 180221s1920 ru c||||r|||||00||0|rus|d
040 ## - CATALOGING SOURCE
Original cataloging agency AM-YEHGA
041 0# - LANGUAGE CODE
Language code of text/sound track or separate title rus
245 00 - TITLE STATEMENT
Title Впередъ! :
Remainder of title Сборник статей, посвященных памяти Петра Лавровича Лаврова : 1900 г. - 7 февр. - 1920 г. /
Statement of responsibility, etc. Под ред. П. Витязева.
260 ## - PUBLICATION, DISTRIBUTION, ETC.
Place of publication, distribution, etc. [Петроград ;
-- Москва] :
Name of publisher, distributor, etc. Колос,
Date of publication, distribution, etc. [1920].
300 ## - PHYSICAL DESCRIPTION
Extent 64 с. :
Other physical details портр. ;
Dimensions 26-27 см.
504 ## - BIBLIOGRAPHY, ETC. NOTE
Bibliography, etc. note Библиогр. в подстроч. примеч.
600 14 - SUBJECT ADDED ENTRY--PERSONAL NAME
Personal name Лавров, Петр Лаврович
650 14 - SUBJECT ADDED ENTRY--TOPICAL TERM
Topical term or geographic name entry element История России
650 14 - SUBJECT ADDED ENTRY--TOPICAL TERM
Topical term or geographic name entry element Государственные и политические деятели
700 1# - ADDED ENTRY--PERSONAL NAME
Personal name Витязев, Петр
Relator term ред.
Relationship edt
942 ## - ADDED ENTRY ELEMENTS (KOHA)
Source of classification or shelving scheme Universal Decimal Classification
Koha item type Գրքեր / Books
Holdings
Withdrawn status Lost status Damaged status Not for loan Collection Home library Current library Date acquired Total checkouts Full call number Barcode Date last seen Price effective from Koha item type Public note
        Kusikian Individual Collection Fundamental Scientific Library Fundamental Scientific Library 05/12/2025   Кус/5668 FL0700216 05/12/2025 05/12/2025 Գրքեր / Books ILL Non-Circ.


ՀՀ ԳԱԱ հիմնարար գիտական գրադարան
ՀՀ,Երևան 0019
Մարշալ Բաղրամյան 24/6
հեռախոս:(374-10) 52-47-50
Հետադարձ կապ

All site content, except where otherwise noted, is licensed under a
Creative Commons License